书目信息 |
| 题名: |
新一代PHP+MySQL+Dreamweaver网站建设典型案例
|
|
| 作者: | 张枭 编著 | |
| 分册: | ||
| 出版信息: | 北京 清华大学出版社 2006.12 |
|
| 页数: | 427页 | |
| 开本: | 26cm | |
| 丛书名: | ||
| 单 册: | ||
| 中图分类: | TP312PH , TP311.138SQ | |
| 科图分类: | ||
| 主题词: | 互连网络--hu lian wang luo--PHP语言--程序设计 , 网页--wang ye--制作--软件工具 , 关系型数据库--guan xi xing shu ju ku--数据库管理系统 | |
| 电子资源: | ||
| ISBN: | 7-302-14274-2 | |
| 000 | 01059nam0 2200277 450 | |
| 001 | 191000001131 | |
| 005 | 20080927115926.95 | |
| 010 | @a7-302-14274-2@dCNY49.00 (含光盘) | |
| 010 | @a7-89487-052-8@b光盘 | |
| 100 | @a20070326d2006 em y0chiy0121 ea | |
| 101 | 0 | @achi |
| 102 | @aCN@b110000 | |
| 105 | @ay z 000yy | |
| 200 | 1 | @a新一代PHP+MySQL+Dreamweaver网站建设典型案例@Axin yi dai PHP+MySQL+Dreamweaver wang zhan jian she dian xing an li@f张枭编著@zeng |
| 210 | @a北京@c清华大学出版社@d2006.12 | |
| 215 | @a427页@d26cm | |
| 330 | @a本书介绍了会员管理系统、新闻发布系统、PHP文件管理系统、网站访问量统计系统、Ajax聊天室系统、PHP在线相册系统、PHP在线投票系统、PHP留言簿系统、PHP校友录系统及匿名上传下载系统等。 | |
| 606 | 0 | @a互连网络@Ahu lian wang luo@xPHP语言@x程序设计 |
| 606 | 0 | @a网页@Awang ye@x制作@x软件工具 |
| 606 | 0 | @a关系型数据库@Aguan xi xing shu ju ku@x数据库管理系统 |
| 690 | @aTP312PH@v4 | |
| 690 | @aTP311.138SQ@v4 | |
| 701 | 0 | @a张枭@Azhang xiao@4编著 |
| 801 | 0 | @aCN@c20080927 |
| 905 | @dTP312PH@eZ216 | |
| 999 | @aCYP | |
| 新一代PHP+MySQL+Dreamweaver网站建设典型案例/张枭编著.-北京:清华大学出版社,2006.12 |
| 427页;26cm |
| ISBN 7-302-14274-2:CNY49.00 (含光盘) |
| 本书介绍了会员管理系统、新闻发布系统、PHP文件管理系统、网站访问量统计系统、Ajax聊天室系统、PHP在线相册系统、PHP在线投票系统、PHP留言簿系统、PHP校友录系统及匿名上传下载系统等。 |
| ● |
| 相关链接 |
|
|
|
正题名:新一代PHP+MySQL+Dreamweaver网站建设典型
索取号:TP312PH/Z216
 
预约/预借
| 序号 | 登录号 | 条形码 | 馆藏地/架位号 | 状态 | 备注 |
| 1 | 840772 | 208407721 | 自科库301/301自科库 86排2列3层/ [索取号:TP312PH/Z216] | 在馆 | |
| 2 | 840773 | 208407730 | 期刊室512/301自科库 50排2列2层/ [索取号:TP312PH/Z216] | 在馆 | |
| 3 | 840774 | 208407749 | 自科二线404/301自科库 53排7列2层/ [索取号:TP312PH/Z216] | 在馆 |